Famous persons and their origin - Country Quiz - Statistics

General Stats
  • This quiz has been taken 36 times
  • The average score is 12 of 16
Answer Stats
Picture Hint Answer % Correct
Messi Argentina
100%
Wladimir Putin Russia
100%
Jackie Chan China
97%
Mahatma Gandhi India
97%
Ronaldo Brazil
85%
Kylian Mbappe France
82%
Arnold Schwarzenegger Austria
76%
Elon Musk South Africa
76%
Chris Martin United Kingdom
73%
Kevin Hart USA
70%
Kylie Minogue Australia
64%
Dua Lipa Albania
61%
Jennie South Korea
61%
Dirk Nowitzki Germany
52%
Rosalia Spain
52%
Lisa Thailand
48%
No matching quizzes found
Score Distribution
Percent of People with Each Score
Percentile by Number Answered
Your Score History
You have not taken this quiz